Donde vuelan los cóndores: dolor y esperanza, novela
Furkejuvvon:
| Váldodahkki: | |
|---|---|
| Materiálatiipa: | Girji |
| Giella: | espánnjágiella |
| Almmustuhtton: |
Santiago
Forja
2017
|
| Preanttus: | 1a. ed |
| Fáttát: | |
| Fáddágilkorat: |
Lasit fáddágilkoriid
Eai fáddágilkorat, Lasit vuosttaš fáddágilkora!
|
MARC
| LEADER | 00000cam a2200000 a 4500 | ||
|---|---|---|---|
| 001 | UCC3906 | ||
| 003 | CL-VaPUC | ||
| 008 | 180622e20170700cl |||||||||||||||||spa|d | ||
| 020 | |a 9789563383300 | ||
| 082 | 0 | 4 | |a Ch863 |b BAS |2 21 |
| 100 | 0 | |a Bastías Guzmán, Eduardo |e author |9 598006 | |
| 245 | 1 | 0 | |a Donde vuelan los cóndores: dolor y esperanza, novela |
| 250 | |a 1a. ed | ||
| 300 | |a 123 p | ||
| 942 | |c BK | ||
| 945 | |d 20180622 13:48:00 |a arojas | ||
| 260 | |a Santiago |b Forja |c 2017 | ||
| 650 | 0 | |a Novelas chilenas |9 265425 | |
| 650 | 0 | |a Literatura chilena |9 308278 | |
| 650 | 0 | |a Ficción |9 376687 | |
| 650 | 0 | |a Adolescentes |9 308058 | |
| 583 | |a last modification |c 20180622 13:48:00 |k Rodrigo Vera | ||
| 999 | |c 371554 |d 371552 | ||